| 000 | 01225nam a22003497a 4500 | ||
|---|---|---|---|
| 003 | CHAP | ||
| 005 | 20220329133652.0 | ||
| 008 | 971013s1990 r 00010 d | ||
| 010 | _a9262 | ||
| 011 | _a10234 | ||
| 035 | _a9471 | ||
| 040 | _cCHAP | ||
| 082 |
_a334.683 _bD5 |
||
| 100 | 0 | 0 |
_aDíaz Bordenave, Juan E. _eed. _933385 |
| 245 |
_aModernizacao da agricultura e cooperacao internacional _b: 25 anos do IICA no Brasil |
||
| 260 |
_aBrasilia : _bIICA, _c1990 |
||
| 300 |
_a203 p. _b: ilus |
||
| 490 |
_aIICA. Serie publicacoes miscelaneas _v; A4/BR-001/90 |
||
| 590 |
_aBATCH-UPD _b10 _c20130110 _lUCH01 _h0044 |
||
| 590 |
_aBATCH-UPD _b10 _c20130110 _lUCH01 _h1037 |
||
| 590 |
_aBATCH-UPD _b10 _c20130410 _lUCH01 _h0638 |
||
| 590 |
_aBATCH-UPD _b10 _c20130913 _lUCH01 _h2024 |
||
| 590 |
_aBATCH-UPD _b10 _c20130914 _lUCH01 _h1619 |
||
| 590 |
_aCONVERSION _b10 _c20130109 _lUCH01 _h1306 |
||
| 650 | 1 | 4 |
_aAgricultura cooperativa. _91945 |
| 650 | 1 | 4 |
_aAgricultura _xBrasil. _91342 |
| 650 | 1 | 4 |
_aAgricultura _xInnovaciones tecnológicas. _91565 |
| 830 | 0 |
_aIICA. Serie publicacoes miscelaneas _v; A4/BR-001/90 _957389 |
|
| 901 | _aBK | ||
| 942 | _cLIBRO | ||
| 949 |
_a334.683 D5 _bBC _cLIBRO _d33724000335048 _eLIBRO _h85711 _i9471 _mD _si |
||
| 999 |
_c9262 _d9262 |
||